000 00270nam a22001217a 4500
008 181207b xxu||||| |||| 00| 0 eng d
041 _aeng
080 _a710
100 _a41
101 _aART
245 _aThe Art Of Western Africa
_cWilliam.F
942 _2udc
_cBK
999 _c53050
_d53050